Sports Quiz

Random Sports or Cricket Quiz

T20 Cricket World Cup History Quiz Stats

 Plays Quiz not verified by Sporcle

Score 0/6 Timer 02:00
0 Plays Today
% Correct
2016
90%
2007
83.9%
2010
75%
2014
73.4%
2009
69.4%
2012
68.5%

You're not logged in!

Compare scores with friends on all Sporcle quizzes.
OR
Log In

You Might Also Like...

Show Comments

Extras

Top Quizzes Today


Score Distribution

Your Account Isn't Verified!

In order to create a playlist on Sporcle, you need to verify the email address you used during registration. Go to your Sporcle Settings to finish the process.

Report this User

Report this user for behavior that violates our Community Guidelines.

Details: